Plant Growing in the Tropics and Subtropics (Record no. 596334)

MARC details
000 -LEADER
fixed length control field 00435nam a2200145Ia 4500
008 - FIXED-LENGTH DATA ELEMENTS--GENERAL INFORMATION
fixed length control field 100415s9999 xx 000 0 und d
082 ## - DEWEY DECIMAL CLASSIFICATION NUMBER
Item number 13418
Classification number 581(13)
100 ## - MAIN ENTRY--PERSONAL NAME
Personal name Ustimenko GV
245 ## - TITLE STATEMENT
Title Plant Growing in the Tropics and Subtropics
260 ## - PUBLICATION, DISTRIBUTION, ETC. (IMPRINT)
Place of publication, distribution, etc MOSCOW
Date of publication, distribution, etc 1983
Name of publisher, distributor, etc MIR PUBLISHERS
365 ## - TRADE PRICE
Price amount 0
630 ## - SUBJECT ADDED ENTRY--UNIFORM TITLE
Uniform title Plant Growing in the Tropics and Subtropics
730 ## - ADDED ENTRY--UNIFORM TITLE
Uniform title Plant Growing in the Tropics and Subtropics
942 ## - ADDED ENTRY ELEMENTS (KOHA)
Koha item type Book
Holdings
Withdrawn status Lost status Damaged status Not for loan Home library Current library Date acquired Cost, normal purchase price Total Checkouts Full call number Barcode Date last seen Price effective from Koha item type
        Bombay Natural History Society Bombay Natural History Society 09/24/1997 0.00   581(13) 13418 BNHS-13418 04/15/2010 04/15/2010 Book